[Event "EU-chT (Men) 21st"]
[Site "Heraklion"]
[Date "2017.10.28"]
[Round "1.3"]
[White "Kuzubov, Yuriy"]
[Black "Schreiner, Peter"]
[Result "1-0"]
[WhiteElo "2690"]
[BlackElo "2480"]
[Annotator "Sadorra,J"]
[PlyCount "49"]
[EventDate "2017.10.28"]
[EventType "team-swiss"]
[EventRounds "9"]
[EventCountry "GRE"]
[SourceTitle "CBM 182"]
[Source "ChessBase"]
[SourceDate "2018.01.17"]
[SourceVersion "1"]
[SourceVersionDate "2018.01.17"]
[SourceQuality "1"]
[WhiteTeam "Ukraine"]
[BlackTeam "Austria"]
[WhiteTeamCountry "UKR"]
[BlackTeamCountry "AUT"]

1. c4 c5 2. Nf3 Nf6 3. Nc3 d5 4. cxd5 Nxd5 5. e3 e6 {Black avoids the "Endgame
Variation" which has been tested quite a lot recently and practice shows that
White obtains plus equals positions in majority of the games.} ({The
aforementioned variation starts with} 5... Nxc3 6. dxc3 Qxd1+ 7. Kxd1 {see
annotated games in CBM 180.}) 6. Nxd5 exd5 7. b4 $5 {This pawn sac line in the
English is the idea of the young Spanish GM Anton Guijarro.} cxb4 ({Black can
also decline the gambit with} 7... c4 8. Bb2 Bxb4 9. Bxg7 Rg8 10. Bb2 $1 (10.
Be5 {was played in a top-level encounter but I don't think it gives White
anything special} Nc6 11. Bg3 Bf5 $11 {1/2-1/2 (79) Nepomniachtchi,I (2767)
-Harikrishna,P (2766) Wijk aan Zee NED 2017}) 10... Nc6 11. Qc2 Rg6 12. Be2 Qe7
{1-0 (41) Anton Guijarro,D (2626)-Salem,A (2615) Martuni 2015, and here it's
worth trying} 13. h4 $5 $146 h5 (13... Rxg2 14. Qxh7) (13... Bg4 14. h5 Rh6 15.
Bg7) 14. Nd4 (14. a3 Bd6 15. Ng5 $5 Rh6 16. Qd1 $36 (16. e4 $6 Bg4 $1 17. f3
Bg3+ 18. Kd1 Be6 $13)) 14... Nxd4 15. Bxd4 Bg4 16. Bxg4 Rxg4 17. Kf1 $14) 8.
Bb2 Nd7 $6 {Black's idea is to transfer his knight to f6 where it blocks the
b2-bishop and defends his d5-pawn. However, it seems a little too slow
especially with White already having two pieces out in play.} ({In another
game of the same event, Black developed his knight normally} 8... Nc6 9. Rc1 a6
10. Nd4 Nxd4 11. Bxd4 Bf5 12. Be2 Qd7 ({It's not easy to get rid of the
pressure on g7 but maybe Black should try to do so anyway with} 12... f6 {
due to} 13. g4 $1 (13. Bg4 $5 Bxg4 (13... Qd7 14. Bxf5 Qxf5 15. Rc7 $40) 14.
Qxg4 Kf7 15. O-O Be7 16. Qh3 $36 {[%cal Gh3h7] with the idea of doubling on
the c-file.}) 13... Bg6 (13... Be6 14. g5 $1) 14. h4 Be7 15. h5 Bf7 16. g5 $40)
13. Qb3 Be6 14. O-O f6 15. Bh5+ $1 Bf7 16. Bxf7+ Kxf7 17. Bb6 $36 {1-0 (29)
Sargissian,G (2657)-Bok,B (2611) Hersonissos GRE 2017. White has better
development and a strong initiative.} (17. e4 $5)) 9. Rc1 Nf6 ({In order to
avoid getting in trouble, Black is best advised to change plans and play
actively with} 9... Nc5 {[%cal Gc8f5,Gc5d3] e.g.} 10. Bb5+ Bd7 11. Bxd7+ Qxd7
12. Ne5 Qe6 13. d4 (13. Bd4 b6 {is not so clear.}) 13... Nd7 14. Rc7 Rd8 15.
Qa4 Bd6 {White is still better, but at least Black isn't in serious touble and
can hope for some future counterplay.}) 10. Bb5+ (10. Bxf6 $5 Qxf6 (10... gxf6
11. Bd3 (11. Bb5+ Bd7 {transposes to the game.}) 11... Bd7 12. Nd4 $16 {
[%csl Re8,Rf5]}) 11. Qa4+ Bd7 12. Bb5 Qd6 13. Ne5 $1 $18) 10... Bd7 11. Bxf6 $1
{After this, White is positionally winning. Black's position is full of
weaknesses.} gxf6 12. Nd4 Rc8 $2 {This simply leads to a lost position.} ({
Maybe a better defence is} 12... Bxb5 13. Nxb5 Rc8 14. O-O {But it still won't
change the assessment that much.} (14. Nxa7 Rxc1 15. Qxc1 Qd7 {[%csl Ra7]})
14... a6 (14... Rxc1 15. Qxc1 a6 16. Nc7+) 15. Rxc8 Qxc8 16. Nd4 Be7 (16... Bd6
17. Qf3) 17. Qf3 Qc4 (17... Qd7 18. Nf5) 18. Qg3 $1 $16) 13. Bxd7+ Qxd7 14.
Rxc8+ Qxc8 15. Qa4+ Kd8 (15... Qd7 16. Qxa7 $18) 16. O-O {White is virtually
winning due to his advantages on king safety, development, and Black's
weaknesses.} Qc5 17. Rb1 $5 (17. Ne2 $1 {is the strongest way to continue,
allowing the rook to join the attack!} Bd6 18. Rc1 Qb6 19. Qc2 Ke7 20. Nd4 $18)
17... Bd6 18. Qd1 {still with the idea of gettting the rook to c1. There are
different ways to win from here.} Bb8 19. g3 (19. Rc1 Qd6 20. Qh5 $18) 19... h5
(19... Qd6 20. Rc1) 20. Qf3 Ke8 (20... Qd6 21. Rxb4 $1 Qxb4 22. Qxf6+ $18) (
20... Rh6 21. Nb3 Qd6 22. Rc1) 21. Qxf6 {The position is resignable here, but
Black tries his luck a bit more.} Rg8 22. Nf5 Qf8 23. Qd4 $1 {[%cal Rb1b4,
Rd4d5,Rd4a7,Rd4h8,Rd4b4] A nice centralising move!} Rg6 24. Qxd5 Rc6 25. Qe4+ {
There is no hope of saving this against a strong, experienced player such as
Kuzubov, so Black resigned. This game clearly shows how dangerous Anton
Guijarro's pawn-sac line can be if Black doesn't have a clue what he is doing!}
1-0

[Event "Solin 7th"]
[Site "Solin"]
[Date "1999.12.16"]
[Round "6"]
[White "Nikolac, Juraj"]
[Black "Kurajica, Bojan"]
[Result "0-1"]
[WhiteElo "2475"]
[BlackElo "2541"]
[Annotator "Schluricke,R"]
[PlyCount "128"]
[EventDate "1999.12.10"]
[EventType "tourn"]
[EventRounds "9"]
[EventCountry "CRO"]
[EventCategory "13"]
[SourceTitle "CBM 075"]
[Source "ChessBase"]
[SourceDate "2000.04.05"]
[SourceVersion "1"]
[SourceVersionDate "2000.04.05"]
[SourceQuality "1"]

1. Nf3 Nf6 2. c4 e6 3. Nc3 Bb4 4. Qc2 O-O 5. a3 Bxc3 6. Qxc3 d6 7. g3 b6 8. Bg2
Bb7 9. O-O c5 10. d3 Nbd7 11. b4 Rc8 12. Bb2 d5 13. cxd5 exd5 14. bxc5 bxc5 15.
e3 Re8 16. Rac1 Rc6 17. Qd2 Ra6 18. Rb1 d4 19. e4 Rb6 20. Rfe1 Ba6 21. Qc2 Ng4
22. Rbd1 Qf6 23. Bc1 Qe6 24. h3 Nge5 25. Nxe5 Nxe5 26. f4 Nxd3 27. Rxd3 Bxd3
28. Qxd3 Rb3 29. Qf1 Rxg3 30. f5 Qb3 31. Bf4 Rc3 32. Bd6 d3 33. Qf4 Qc4 $2 (
33... d2 $1 34. Qxd2 Rd3 {[%csl Rd6]}) 34. Be5 f6 35. Bxc3 Qxc3 36. Rd1 c4 37.
Qd6 Qc2 38. Bf3 h6 39. Bh5 Rf8 40. e5 fxe5 41. Qe6+ Kh8 42. Qe7 Rg8 43. Qxe5 d2
44. Kf1 $2 (44. Kh2 $142) 44... Qd3+ 45. Kf2 (45. Be2 Qxh3+ 46. Kf2 Rf8 $19 (
46... c3 47. Qe4 Qh2+ 48. Kf1 Rf8 $19)) 45... c3 46. f6 Rf8 47. f7 c2 48. Qe8
cxd1=Q (48... Qd6 $1) 49. Bxd1 Qf5+ 50. Ke2 Qxf7 51. Qxf7 Rxf7 52. Kxd2 Rd7+
53. Ke2 Rxd1 54. Kxd1 g5 55. Ke2 Kg7 56. Kf3 Kf6 57. h4 gxh4 58. Kg4 Ke5 59.
Kxh4 a5 60. Kh5 Kd4 61. Kxh6 Kc4 62. Kg5 Kb3 63. Kf4 Kxa3 64. Ke3 Kb2 0-1

[Event "Match/Team URS-World 20,5-19,5"]
[Site "Belgrade"]
[Date "1970.03.31"]
[Round "2.6"]
[White "Smyslov, Vassily V"]
[Black "Reshevsky, Samuel Herman"]
[Result "1-0"]
[WhiteElo "2620"]
[BlackElo "2590"]
[Annotator "Smyslov/Reshevsky"]
[PlyCount "125"]
[EventDate "1970.03.29"]
[EventType "team"]
[EventRounds "4"]
[EventCountry "YUG"]
[SourceTitle "MCL"]
[Source "ChessBase"]
[SourceDate "1999.07.01"]
[SourceVersion "1"]
[SourceVersionDate "1999.07.01"]
[SourceQuality "1"]
[WhiteTeam "Soviet Union"]
[BlackTeam "World"]
[WhiteTeamCountry "URS"]
[TimeControl "40/9000:16/5400:0"]

1. c4 Nf6 2. Nc3 e6 3. Nf3 b6 4. e4 (4. g3 Bb7 5. Bg2 {Smyslov=:S}) 4... Bb7 5.
d3 d6 (5... c5 6. e5 Ng8 {Reshevsky=:R}) 6. g3 Be7 7. Bg2 O-O 8. O-O c5 9. h3
Nc6 ({Pertinent:} 9... Na6 10. Ng5 h6 11. Nf3 Nc7 12. Be3 d5 13. e5 Nd7 14. Bf4
d4 15. Ne4 Bxe4 16. dxe4 b5 17. cxb5 Nxb5 18. Qd3 Rb8 19. a4 Nc7 20. Rfb1 Qc8
21. b4 cxb4 22. Nxd4 Na6 23. h4 Nac5 24. Qe3 Qb7 25. Bf1 a6 26. f3 Rfc8 27. g4
b3 28. Bc4 b2 29. Ra2 Qb4 30. Raxb2 Qxc4 31. Nc6 Rxc6 32. Rxb8+ Nxb8 33. Rxb8+
Kh7 34. Re8 Bxh4 35. g5 Nd3 36. Kh2 Nxf4 37. Qxf4 Qf1 {0-1 (37) Hostalet
Ferrer,P-Timman,J Groningen 1968}) 10. d4 $1 {S} cxd4 $6 $14 {R} (10... e5 $142
{S/R}) 11. Nxd4 {P 12.e5 R} Rc8 12. Nxc6 Bxc6 13. Bf4 $146 (13. Qe2 Qc7 14. b3
Qb7 15. Rd1 a6 16. a4 Nd7 17. Bb2 a5 18. Nb5 Nc5 19. Qg4 e5 20. Nxd6 Bxd6 21.
Rxd6 f6 22. Rad1 f5 23. Qg5 Bxe4 24. Bxe5 Bxg2 25. Rd7 Ne6 26. Rxb7 Bxb7 27.
Qe7 {1-0 (27) Evans,L-Foguelman,A Buenos Aires 1960}) 13... Qc7 14. Qe2 a6 $2 {
R} (14... Nd7 $10 {R}) 15. Rac1 Rfd8 16. Rfd1 Qa7 (16... Qb7 $2 17. b4 b5 18.
a4 bxa4 19. b5 {R}) 17. a4 $16 {S/R} e5 $2 {R} (17... h6 $142 {P 18... e5 R})
18. Bg5 a5 19. Nb5 Qb8 (19... Bxb5 20. cxb5 Rc5 21. Be3 Rxc1 22. Rxc1 {P c6 S})
20. h4 $1 {S} h6 21. Bxf6 Bxf6 22. Nc3 $1 {S} (22. Bh3 Bxb5 23. Bxc8 (23. cxb5
Rc5) 23... Bxa4 24. b3 Bxb3 25. Rd3 a4 $44 {S/R}) 22... Be7 23. Bh3 Rc7 24. Rd3
Bb7 25. b3 Bc6 26. Rcd1 Bf8 27. Qe3 Qb7 28. Kh2 Kh8 29. h5 $1 {S} Kg8 30. Bf5
Qb8 31. Qf3 Re7 32. Qg4 Qc7 33. Rf3 Ree8 34. Rc1 Re7 (34... Qe7 35. Nd5 Bxd5
36. cxd5 $16 {S}) 35. Nd5 Bxd5 36. exd5 {P 37. b1 38. e4 S/R} e4 37. Bxe4 Re5
38. Bd3 Rde8 39. Kg2 Qe7 $2 {R} (39... Rg5 40. Qh3 Ree5 {R} 41. Bf5 Rxd5 42.
cxd5 Qxc1 43. Be6 $1 $18 {S}) 40. Rf5 Re1 $4 {R} (40... Qc7 41. Rxe5 Rxe5 42.
f4 Re3 43. Qf5 g6 44. hxg6 fxg6 45. Qxg6+ Qg7 {R}) 41. Rxe1 Qxe1 42. Rf3 {
P 43. f5 +- S} Qe7 (42... Qe5 43. Re3 $18 {S}) (42... Re5 43. Qd7 f6 44. Rxf6
Re7 45. Bh7+ Kxh7 46. Qf5+ $18 {S}) 43. Qf5 g6 44. hxg6 f6 45. Qxf6 Bg7 46.
Qf7+ Kh8 47. Qxe7 Rxe7 48. Rf4 Kg8 49. Rh4 Re5 50. Kf3 h5 51. Rf4 Re8 52. Bf5
Bf6 53. Bd7 Rf8 54. Rf5 h4 55. gxh4 Bxh4 56. Be6+ Kg7 57. Bf7 Rh8 58. Kg4 Bf6
59. Rf3 Rh1 60. Kf5 Re1 61. Re3 Rf1 62. Ke6 Bd4 (62... Be5 63. Rxe5 dxe5 64. d6
Rxf2 65. d7 Rd2 66. Ke7 $18 {S}) 63. Kxd6 1-0

[Event "EU-chT (Men) 11th"]
[Site "Pula"]
[Date "1997.05.??"]
[Round "1.1"]
[White "Bareev, Evgeny"]
[Black "Rozentalis, Eduardas"]
[Result "1-0"]
[WhiteElo "2665"]
[BlackElo "2650"]
[Annotator "Stohl,I"]
[PlyCount "97"]
[EventDate "1997.05.05"]
[EventType "team-swiss"]
[EventRounds "9"]
[EventCountry "CRO"]
[SourceTitle "CBM 057 Extra"]
[Source "ChessBase"]
[SourceDate "1997.05.01"]
[SourceVersion "1"]
[SourceVersionDate "1997.05.01"]
[SourceQuality "1"]
[WhiteTeam "Russia"]
[BlackTeam "Lithuania"]
[WhiteTeamCountry "RUS"]
[BlackTeamCountry "LTU"]

1. c4 {Ribli} e6 2. Nc3 Bb4 $5 {Rozentalis plays this slightly extravagant
line regularly. Sometimes people just transpose into a different variation
after 3.Nf3 Nf6, but White has also more ambitious tries. Bareev's move is one
of them. GM Rozentalis spielt gerne diese Nebenvariante.Ribli.} 3. Qb3 ({
Another refutation attempt is} 3. e4 $5 {Rozentalis prefers} Ne7 ({About 15
years ago the topical line was} 3... c5 4. Nb5 (4. Qg4 Kf8 $5 $13) 4... d6 (
4... Nc6 $6 5. a3 Ba5 6. b4 cxb4 7. Bb2 Kf8 8. e5 $1 $44 {[%csl Rf8] ()@עf8})
5. a3 Ba5 6. b4 a6 {Currently it's not considered too good due to} 7. bxa5 axb5
8. cxb5 Nf6 9. Qc2 e5 10. Bc4 Qxa5 11. Ne2 Be6 12. Bxe6 fxe6 13. Nc3 Nbd7 14.
O-O d5 15. a4 O-O 16. d3 $14 {Serper,G-Rajskij,E/Miedzybrodzie/1991/}) 4. d4 d5
5. e5 c5 6. a3 Bxc3+ 7. bxc3 Nbc6 8. Nf3 O-O 9. Bd3 h6 (9... dxc4 $2 10. Bxh7+
$1) 10. O-O dxc4 11. Bxc4 cxd4 12. cxd4 b6 13. Qd3 Bb7 14. Ba2 Ng6 15. d5 $1
Nce7 16. d6 Bxf3 17. Qxf3 Nxe5 18. Qg3 Qxd6 19. Bb2 f6 20. Rad1 Nd5 21. Rfe1
Rae8 22. f4 $36 {Hodgson,Ju-Rozentalis,E/Rakvere/1993/ He has most probably
some improvement up his sleeve somewhere here.}) 3... Nc6 (3... a5 $143 $6 4.
a3 Bxc3 5. Qxc3 Nf6 6. d4 O-O 7. Bg5 d6 8. e3 Qe7 9. Bd3 e5 10. Ne2 $1 {
This is the important difference, compared to 3.Nf3 Nf5 4.Qb3 a5. White
develops his N to a much better square.} Nc6 11. f3 h6 12. Bh4 a4 13. O-O Bd7
14. Rae1 Rfe8 15. Qc2 Na5 16. Nc3 g5 17. Bg3 Nb3 18. f4 $1 e4 19. Be2 Kg7 20.
fxg5 hxg5 21. Rf2 Rh8 22. Ref1 {1-0,Kasparov,G-Rozentalis,E/EU-chTM Debrecen/
1992/}) (3... Ba5 $144 $5 4. Nf3 Nf6 5. d4 d5 6. Bg5 dxc4 {/\} 7. Qxc4 Qd5 $1
$132) 4. Nf3 Nf6 5. a3 (5. g3 $6 {Ribli} d5 6. d4 Ne4 7. Bg2 O-O 8. O-O Bxc3 9.
cxd5 Qxd5 10. bxc3 Qxb3 11. axb3 Nxc3 $17 {0-1 Bang,A-Rozentalis,E/Copenhagen
AS04 1988 (26)}) 5... Bxc3 (5... Be7 6. d4 d5 7. cxd5 exd5 8. Bg5 $1 (8. Bf4 {
Ribli} O-O 9. e3 a6 10. Bd3 h6 11. O-O Bd6 12. Ne5 Ne7 13. h3 c6 {1/2-1/2
Kramnik,V-Anand,V/Monaco rapid 1996 (18)}) 8... O-O 9. e3 Na5 10. Qc2 Be6 11.
Bd3 h6 12. Bf4 Nc6 (12... Nh5 {Ribli} 13. Be5 Nc6 14. h3 Nxe5 15. Nxe5 $14) 13.
h3 Bd6 14. Ne2 Re8 (14... Ne7 $5 {Ribli}) 15. Rc1 Ne4 16. O-O Bxf4 17. Nxf4 Qd6
18. Rfd1 $14 {Ehlvest,J-Rozentalis,E/Groningen PCA/1993/ White's advantage is
slight, but permanent, Rozentalis was probably disgusted ad didn't try the B
retreat again.}) ({But another new idea deserves attention:} 5... Bc5 $142 $5
6. d3 (6. e3 $5 {Ribli}) 6... h6 7. g3 O-O 8. Bg2 d5 9. O-O d4 10. Na4 Bd6 11.
Qc2 a5 12. Bd2 Re8 13. c5 Bf8 14. b4 e5 15. b5 Na7 16. Rab1 Bd7 17. Qc4 {
Beim,V-Korchnoi,V/Linz/1997/} Be6 $11) 6. Qxc3 d5 $2 {[%csl Rc8][%cal Gb2g7] A
rather serious strategical mistake, this move doesn't fit into the position, 
(certaqinly not before White playes d4) as now Black's B will be a poor piece
and White will have play along the a1-h8 /^. Ohne Läuferpaar scheint es mir
logischer, die Stellung geschlossen zu halten.Ribli.} (6... d6 $142 7. d4 $5
$14 {-E32} (7. g3 $143 e5 8. Bg2 Qe7 $5 $132 (8... Qe7 {Ribli} 9. O-O O-O 10.
b4 a6 11. Bb2 Re8 12. d3 Bg4 13. e3 Qd7 14. Rfe1 h6 15. Nd2 h5 16. b5 axb5 17.
cxb5 Na5 18. a4 c6 {1/2-1/2 Polugaevsky,L-Rozentalis,E/Groningen PCA 1993 (48)}
)) 7... Qe7 8. g3 e5 9. d5 Nb8 10. Bg2 O-O 11. O-O c6 12. Nh4 cxd5 13. cxd5 Na6
14. b4 Bd7 15. e4 Rfc8 16. Qb3 Rc7 17. Be3 Rac8 18. Rac1 Qd8 19. Qb2 b6 20.
Rxc7 Nxc7 21. Rc1 Nce8 22. f3 Rxc1+ 23. Qxc1 Qc7 24. Bf1 Qxc1 25. Bxc1 $14 {
Illescas,M-Rozentalis,E/Groningen PCA/1993/ Rozentalis probably wanted to
avoid being tortured in this type of position, but now it will be much worse.})
(6... a5 {Ribli} 7. b3 O-O 8. Bb2 d6 9. d4 Re8 10. Rd1 Qe7 11. d5 Nb8 12. e3 e5
13. Be2 h6 14. Nd2 Bf5 15. f3 Bh7 16. O-O Nbd7 17. e4 Nh5 18. f4 Nhf6 19. f5
$36 {Soffer,R-Magyar,O/Budapest FS06 GM 1993/1-0 (59)}) 7. e3 O-O 8. b4 $1 $16
Ne4 (8... Re8 9. b5 $5 (9. Bb2 e5 $5 $132) 9... Ne7 10. Bb2 $36 {[%cal Gb2g7] /
^a1-h8}) 9. Qc2 {In dieser Stellung besitzt Schwarz Entwicklungsvorsprung,
aber Weiß hat das Läuferpaar. Die Frage ist, ob Schwarz die Zeit zu aktivem
Spiel nutzen kann, ansonsten befindet er sich in der etwas schlechteren Lage.
Ribli.} Ng5 (9... Bd7 10. Bd3 $1 f5 $8 11. Bb2 $16) 10. Bb2 (10. Be2 {Ribli}
Nxf3+ 11. Bxf3 Ne5 $11) 10... Bd7 ({An attempt to blockade the position} 10...
Nxf3+ 11. gxf3 d4 {fails after} (11... e5 $6 12. b5) 12. b5 (12. Bd3 $36 {Ribli
}) 12... Ne5 13. O-O-O $1 (13. f4 $143 $6 Nf3+ 14. Ke2 d3+ $1 15. Qxd3 Qxd3+
16. Kxd3 Rd8+ 17. Bd4 Nxd4 18. exd4 a6 $1 $44) (13. Bg2 c5) 13... c5 14. Qe4
$40 {[%csl Gb2,Gd4,Ge4,Gf1] [+],^^}) 11. cxd5 $5 (11. Nxg5 Qxg5 12. cxd5 Qxd5
13. Bd3 h6 14. O-O $16 (14. Be4 $143 Qb5 $132)) 11... Nxf3+ $8 (11... exd5 12.
Nxg5 Qxg5 13. b5 $18 {[%cal Rc2c7] /\Qc7 loses a pawn without any compensation.
}) 12. gxf3 exd5 13. Rg1 f6 (13... d4 14. f4 $1 $16 {[%cal Rb4b5] /\b5}) (13...
g6 14. b5 Ne7 15. Bf6 $1 $40 {[%csl Rg8] עg8}) 14. Bd3 {Weiß hat gefährlichen
direkten Angriff gegen den schwarzen König. Beide Läufer, die Dame und der Rg1
zielen auf den Königsflügel.Ribli.} h6 15. Bh7+ {Bareev chooses a forcing
tactical line.} (15. Rg3 $16) (15. O-O-O $16) 15... Kh8 {[#]} 16. Rxg7 $1 {
Ein sehr schönes intuitives Turmopfer. Weiß bekommt einen sehr gefährlichen
Angriff, aber alle Variante sind am Brett - glaube ich - unmöglich bis zum
Ende zu berechnen.Ribli.} Kxg7 17. Qg6+ Kh8 18. Qxh6 Qe7 $8 (18... Rf7 $2 19.
Be4+ Kg8 20. Bxd5 $18 {[%cal Rh6g6,Rb2f6] /\Qg6,Bf6}) 19. Bg6+ (19. Be4+ Kg8
20. Bxd5+ Be6 (20... Rf7 $2 21. O-O-O Be6 22. Bxe6 Qxe6 23. Rg1+ $18) 21. Qg6+
(21. O-O-O Bxd5 22. Rg1+ Kf7 23. Rg7+ Ke8 24. Rxe7+ Kxe7 $14 {[%csl Gf6] is
not very convincing. A materially similar situation arises also in the game,
but here Black's K is much better protected by the Pf6.}) (21. Bxe6+ Qxe6 22.
O-O-O Kf7 {Schwarz findet ein Ruheplätzchen für seinen König und behält einen
Turm mehr.Ribli.}) 21... Kh8 22. Bxe6 Qxe6 23. O-O-O (23. Qh6+ {Ribli} Kg8 24.
Qg6+ $11) 23... Qg8 $1 24. Bxf6+ Rxf6 25. Qxf6+ Qg7 $14 {[%csl Rf2,Rf3,Rh2]
White is forced to exchange the Q and although he has 4 pawns for the piece,
his P are doubled and Black has good drawing chances.}) 19... Kg8 20. Ke2 {
Es ist bemerkenswert, daß Weiß zuerst einen Turm geopfert und dann mit ein
paar stillen Zügen seinen Angriff verstärkt hat.Ribli.} (20. O-O-O $5) 20...
Qg7 $8 (20... Rf7 $2 21. Rg1 Rg7 22. Bh7+ {[%cal Rb2f6] /\Bf6+-}) 21. Qh5 {
Weiß hat lediglich zwei Bauern für den geopferten Turm, aber dank seines
besonders gefährlichen Läuferpaares behält er dauerhaften Angriff und
Initiative. Ich möchte zudem darauf hinweisen, daß alle weißen Figuren am
Angriff teilnehmen.Ribli.} Rfd8 (21... Qh8 $2 22. Qxd5+ Kg7 23. Qxd7+ Kxg6 24.
Rg1+ $18) (21... Be8 {Ribli} 22. Rg1 {[%cal Rg1g8]}) 22. Rg1 Kf8 {Schwarz
findet die beste Möglichkeit - der schwarze König muß sich selbst verteidigen.
Ribli.} 23. Rg3 {Da es noch keinen sofort entscheidenden Zug gibt, platziert
Weiß seinen Turm erst einmal an einer gesicherten Stelle.Ribli.} Ke7 (23... Ne5
$143 $6 24. Bc2 Be8 (24... Qf7 25. Qh6+ Ke8 26. Bxe5 $18) 25. Qh4 Ng6 (25...
Bb5+ 26. Kd1 Nxf3 27. Qf4 $40) 26. Bxg6 Bxg6 27. Bxf6 Qh7 28. Bxd8 $18 {_|_})
24. Bf5 Qf7 (24... Qf8 25. Bxf6+ $1 Qxf6 (25... Kxf6 26. Qg5+ (26. Rg6+ $143
Ke7 27. Qh7+ Ke8 28. Rg8 Bxf5 29. Rxf8+ Kxf8 30. Qxf5+ Kg7 $14 {is weaker,
White needs more pieces to support his pawns.}) 26... Kf7 27. Qg6+ Ke7 28. Qh7+
Qf7 (28... Kf6 $2 29. Rg6+ Ke5 30. f4+ Kxf5 31. Qh5+ Ke4 32. d3#) 29. Rg7 {
-24...Qf7}) (25... Kd6 26. Rg6 $1 $18 {->}) 26. Qh7+ Qf7 (26... Kd6 $2 27. Rg6)
27. Rg7 {-24...Qf7}) {[#]} 25. Bxf6+ $1 {It would be interesting to know when
Bareev saw this tactical shot-already when he played 11.cxd5, 15.Bh7+, or even
later? Phantastisch gespielt! Der russische Großmeister opfert alles in dieser
Partie!Ribli.} Qxf6 (25... Kxf6 $2 26. Qg5+ Ke5 27. Qf4+ Kf6 28. Bg6+) 26. Qh7+
Qf7 (26... Kd6 {Ribli} 27. Rg6 Qxg6 28. Qxg6+ Ke5 (28... Ke7 29. Qg7+ Kd6 (
29... Ke8 30. Bg6#) 30. Qf6+ Be6 31. Qxe6#) 29. f4#) 27. Rg7 Be8 (27... Ne5
$143 $6 28. Qh4+ Ke8 29. Rxf7 Nxf7 30. Bg6 $40 {[%csl Ra8,Rd8] Black must try
to connect his R.}) 28. Bg6 {A new transformation of material. After being a R
down, White sacrificed a piece, now he gets back the Q for another R, with 3
extra pawns. Materially speaking Black is quite O.K., but his pieces are
uncoordinated and his K is unsafe. White continues to attack and soon turns
even the material balance in his favour.} Qxg7 29. Qxg7+ Ke6 (29... Kd6 $2 30.
Qf6+ $18 (30. Qf6+ {Ribli} Kd7 31. Bf5#)) 30. Bh7 $1 $40 {Weiß tauscht
natürlich nicht, er spielt auf Amgriff.Ribli.} Ne7 31. f4 Bb5+ 32. d3 Rf8 33.
Qe5+ Kd7 (33... Kf7 34. f5 Bd7 (34... Rae8 35. f6 Nc6 36. Qxd5+ Kxf6 37. Qf5+
$1 Kg7 38. Qg6+ Kh8 39. Qh6 $18) 35. f6 Nc6 36. Qxd5+ Be6 37. Qg5 $18) 34. f5 {
Die neue Kraft im Angriff: der weiße f-Bauer. Schwarz hat große
Schwierigkeiten bei der Koordination seiner Figuren. Ribli.} Rae8 35. f6 Nc8 (
35... Nc6 $2 36. Bf5+) 36. Qxd5+ Nd6 37. Bg6 Re6 {Schwarz gibt gerne Material
für etwas Aktivität zurück.Ribli.} (37... Rd8 $2 38. Bf5+ (38. f7 {Ribli})
38... Ke8 39. Qe6#) (37... Rb8 38. Qd4 Ke6 39. f4 $1 $18 {[%csl Gd3,Ge3,Gf4,
Gf6] -> Once the avalanche of white pawns starts going, it's over for Black.})
38. Bf5 $18 {Black has beaten off the attack, but now the P decide.} Rfxf6 39.
Bxe6+ Rxe6 40. h4 {Das ist das Ende für Schwarz. Gegen den weißen Bauern ist
er hilflos.Ribli.} Ke7 {Loses another pawn, but Black couldn't avoid this
anyway:} (40... Bc6 41. Qg5 Nf7 42. Qf4 Nh6 43. Qd4+ $18) 41. Qc5 a6 $6 (41...
Bc6 42. d4 $1 $18) (41... c6 $142 42. Qxa7) (41... c6 {Ribli}) 42. Qxc7+ {
Now White has 3 connected passed pawns.} Kf6 43. Qd8+ Kf7 44. Kd2 {Verhindert
das eventuelle 44...Ne4.} Nf5 45. Qc7+ ({Also possible was} 45. e4 $5 {/\} Rd6
$2 46. Qc7+ Rd7 47. Qf4 Rxd3+ 48. Kc2 $18) 45... Re7 46. Qf4 Ke6 (46... Kg6 {
Ribli} 47. Qg5+ $18) (46... Kf6 {Ribli} 47. e4 $18) 47. e4 Nd4 48. Qh6+ Kd7 (
48... Kf7 49. h5 (49. Qh7+ {Ribli} Kf8 (49... Kf6 50. Qh8+ Rg7 51. h5 $18) (
49... Ke6 50. Qg8+ Rf7 51. h5 $18) 50. Qh8+ Kf7 51. Qxd4 $18)) 49. Qf6 {
[%csl Gd3,Ge4,Gf2,Gh4] o^d,e,f,h} 1-0